|
|
|
|
| LEADER |
00000nam a2200000 a 4500 |
| 005 |
20131010140457.0 |
| 007 |
cr cn||||||||| |
| 008 |
201205r2009 ck |||||s|||||||||||spa d |
| 020 |
|
|
|a 9789586485982
|
| 035 |
|
|
|a 11560
|
| 040 |
|
|
|a FlNmELB
|c FlNmELB
|d BUS
|d vLex
|
| 050 |
1 |
4 |
|a HF5681.L6
|b F465 2009eb
|
| 050 |
1 |
4 |
|a HF5681.L6
|b F465 2009eb
|
| 080 |
|
|
|a 657.4
|
| 082 |
0 |
4 |
|a 657.75
|2 22
|
| 090 |
|
|
|c 4544
|d 4544
|
| 100 |
1 |
|
|a Fierro Martn̕ez, ℓngel Mara̕.
|
| 245 |
1 |
0 |
|a Contabilidad de pasivos
|h [Recurso electrn̤ico] /
|c Angel Mara̕ Fierro M.
|
| 250 |
|
|
|a 2a. ed.
|
| 256 |
|
|
|a Servicio en ln̕ea.
|
| 260 |
|
|
|a Bogot ̀:
|b Ecoe Ediciones,
|c 2009.
|
| 300 |
|
|
|a 1 recurso electrn̤ico
|
| 490 |
1 |
|
|a Ciencias administrativas. Contabilidad.
|
| 506 |
1 |
|
|a Contenido solo disponible en los productos indicados
|d vLex Global
|d vLex Global (Academic Edition, excluding Law Schools)
|d vLex Global (U.S. Academic Edition, Law Schools)
|d vLex Global (U.S. Academic Edition, excluding Law Schools)
|d vLex Global (Academic Edition, Law Schools)
|
| 650 |
0 |
4 |
|a Contabilidad
|z Colombia
|
| 740 |
0 |
|
|a vLex Libros (Servicio en ln̕ea)
|
| 856 |
4 |
0 |
|u http://vlex.com/source/contabilidad-pasivos-11560
|z Acceso restringido
|
| 942 |
|
|
|c BOOK
|
| 999 |
0 |
|
|a Accounting
|